00454 a2200157 45000010006000000050017000060080041000230030015000640400040000790800059001192450038001782640029002163000019002450410008002641000024002726352620260407155933.0260407a1974 arg spa dAR-UNSa-BCEJYS aAR-UNSa-BCEJYSbspacAR-UNSa-BCEJYS a004.04xOrientación del proceso (diagramas de flujo)10aFundamentos de diagramas de flujo 1aMéxico :bLimusac1974 a143 p.c27 cm. aspa1 aSchriber, Thomas J.